00401nam a2200169 a 45000010005000000030009000050080041000140400028000550820016000831000029000992450021001282600034001493000009001834900017001926500011002096500011002207056CO-ViMGA141112s2004 ck r 000 u spa d aCO-ViMGAbspacCO-ViMGA04a157.38 M3241 aMechalí G. Rozes, Ruth10aDomine su estres aBarcelona : bGranica, c1990 a19 p aAcción, 1314aESTRES14aFATIGA